1086 1099 1663 1950 1526 1622 1897 1531 1862 1180 1420 1490 1077 1640 1545 1186 1718 1061 1908 1087 1316 1493 1938 1911 1626 1857 1291 1695 1383 1603 1012 1558 1074 1110 1630 1415 1907 1158 1931 1643 1160 1603 1846 1821 1632 1156 1212 1374 1333 1268 1682 1909 1590 1432 1137 1077 1575 1750 1977 1650 1995 1253 1519 1493 1111 1816 1443 1380 1792 1554 1888 1226 1311 1883 1546 1898 1337 1747 1778 1710 1000 1681 1248 1477 1874 1969 1662 1222 1170 1261 1637 1257 1309 1832 1243 1976 1065 1687 1717 BCNSPRNW ULIB Ver.6.0+V

เปลี่ยนเป็นภาษาไทย

Change to English
 แสดงรายละเอียดบรรณานุกรม
  กลับหน้าหลัก

Brief Record : Get Marc (ISO 2709) : E-mail record : QR code < ปิดหน้าต่าง
LEADER : 00000nam 2200000uu 4500
001    13399113738
003     ULIB
008    111220s2548||||th 000 0 tha d
020    ^a9742964114
060 04 ^aWA252^bส691ร 2548
245 00 ^aรายงานสมัชชาสุขภาพแห่งชาติ พ.ศ.2548/^cสำนักงานปฏิรูประบบสุขภาพแห่งชาติ ; บรรณาธิการ: สรุณีพิพัฒน์โรจนกมล, กรกนก ตันตระกูล, วรรณวิมล ขวัญยาใจ
250    ^aพิมพ์ครั้งที่ 1
260    ^aกรุงเทพฯ :^bวิคตอเรีย อิมเมจ,^c2548
300    ^a 368 หน้า :^bภาพประกอบ ;^c30 ซม.
310    ^aรายปี
536    ^aสนับสนุนโดย สำนักงานกองทุนสนับสนุนการสร้างเสริมสุขภาพ(สสส.), สำนักงานวิจัยระบบสาธารณสุข (สวรส.), กระทรวงสาธารณสุข
650  7 ^aการปฏิรูประบบสาธารณสุข^vรายปี^zไทย
650  7 ^aการส่งเสริมสุขภาพ^vรายปี^zไทย
650  7 ^aนโยบายด้านสุขภาพ^vรายปี^zไทย
700 0  ^aสรุณี พิพัฒน์โรจนกมล,^eบรรณาธิการ
700 0  ^aกรกนก ตันตระกูล,^eบรรณาธิการ
700 0  ^aวรรณวิมล ขวัญยาใจ,^eบรรณาธิการ
710 2  ^aสำนักงานปฏิรูประบบสุขภาพแห่งชาติ
710 2  ^aสำนักงานกองทุนสนับสนุนการสร้างเสริมสุขภาพ
710 2  ^aสำนักงานวิจัยระบบสาธารณสุข
710 2  ^aกระทรวงสาธารณสุข
945    ^p0^l0^i24361
995    ^aกัณชพร
999 ^a ใช้งานได้ทุกระบบ
รายการนี้ยังไม่มีแท็ก
คุณยังไม่ได้ล็อกอิน คุณสามารถมีกิจกรรมร่วมกับเว็บไซต์ได้ แต่ต้องล็อกอินก่อน ::
  ล็อกอิน

รายการสื่อสารสนเทศ

ลำดับที่ ประเภท เลขเรียก/บาร์โค้ด สถานที่ สถานะ
- ไม่พบข้อมูล -

BibComment


ยังไม่เคยถูกคอมเมนท์

คอมเมนท์ทรัพยากรรายการนี้
  คอมเมนท์: รายงานสมัชชาสุขภ..


 Copyright 2026. Bcnsprnw @Library